| 000 -ლიდერი |
| ფიქსირებული სიგრძის საკონტროლო ველი |
01442nam a2200277Ia 4500 |
| 001 - საკონტროლო ნომერი |
| საკონტროლო ველი |
779 |
| 003 - საკონტროლო ნომრის იდენტიფიკატორი |
| საკონტროლო ველი |
GE_BSU |
| 005 - ბოლო ოპერაციის თარიღი და დრო |
| საკონტროლო ველი |
20220927102353.0 |
| 008 - ფიქსირებული სიგრძის მონაცემთა ელემენტები - ზოგადი ინფორმაცია |
| ფიქსირებული სიგრძის საკონტროლო ველი |
181216s2006||||ge |||||||||||||| ||geo|| |
| 020 ## - წიგნის საერთაშორისო სტანდარტული ნომერი |
| International Standard Book Number |
9994036041 |
| 040 ## - კატალოგიზაციის წყარო |
| Transcribing agency |
GE_BSU |
| 041 ## - ენის კოდი |
| Language code of text/sound track or separate title |
geo |
| 080 ## - უნივერსალური ათობითი კლასიფიკაციის ინდექსი |
| Universal Decimal Classification number |
338.22(075.8)+005(075.8)+338.24(075.8)+338+43(075.8+338.242(075.8+631.115(075.8) ბ–66 |
| 245 ## - ცნობა სათაურის შესახებ |
| Title |
ბიზნეს მენეჯმენტი სოფლის მეურნეობაში : |
| Remainder of title |
ნაწ.1 / |
| Statement of responsibility, etc |
ს. თურმანიძე, გ. ჭკადუა, გ. ვაშაკიძე, ი. ძირკვაძე ; [რედ.: გ. ჭკადუა]. |
| 264 ## - წარმოების, გამოცემის, დისტრიბუციის და სხვა ცნობები |
| გამოცემის, წარმოების, დისტრიბუციის... ადგილი |
თბილისი : |
| გამოცემის, წარმოების, დისტრიბუციის... სახელწოდება |
თობალისი, |
| გამოცემის, წარმოების, დისტრიბუციის... თარიღი |
2006. |
| 300 ## - ფიზიკური აღწერა |
| Extent |
273 გვ.; |
| Other physical details |
ცხრ. |
| 520 ## - SUMMARY, ETC. |
| Summary, etc |
რეზ. ინგლ. ენ. |
| 653 ## - INDEX TERM--UNCONTROLLED |
| Uncontrolled term |
ბიზნეს მენეჯმენტი სოფლის მეურნეობაში |
| 653 ## - INDEX TERM--UNCONTROLLED |
| Uncontrolled term |
საბაზრო ეკონომიკის მართვა |
| 653 ## - INDEX TERM--UNCONTROLLED |
| Uncontrolled term |
ფერმერული მეურნეობები |
| 700 ## - ADDED ENTRY--PERSONAL NAME |
| Personal name |
თურმანიძე, ს. |
| Relator term |
ავტორი |
| 9 (RLIN) |
1807 |
| 700 ## - ADDED ENTRY--PERSONAL NAME |
| Personal name |
ვაშაკიძე, გ. |
| Relator term |
ავტორი |
| 9 (RLIN) |
14827 |
| 700 ## - ADDED ENTRY--PERSONAL NAME |
| Personal name |
ძირკვაძე, ი. |
| Relator term |
ავტორი |
| 9 (RLIN) |
1806 |
| 700 ## - ADDED ENTRY--PERSONAL NAME |
| Personal name |
ჭკადუა, გ. |
| Relator term |
ავტორი, რედაქტორი. |
| 9 (RLIN) |
14828 |
| 942 ## - ADDED ENTRY ELEMENTS (KOHA) |
| Koha item type |
წიგნი |
| Source of classification or shelving scheme |
|